[Event "Brasschaat op 15th"]
[Site "Brasschaat"]
[Date "2015.08.16"]
[Round "2"]
[White "Pijlman, Rene"]
[Black "Docx, Stefan"]
[Result "0-1"]
[WhiteElo "1910"]
[BlackElo "2417"]
[PlyCount "76"]
[EventDate "2015.08.15"]
[EventType "swiss"]
[EventRounds "9"]
[EventCountry "BEL"]
[SourceTitle "EXT 2016"]
[Source "ChessBase"]
[SourceDate "2015.10.08"]
[SourceVersion "1"]
[SourceVersionDate "2015.10.08"]
[SourceQuality "1"]

1. d4 Nf6 2. c4 c5 3. d5 e6 4. Nc3 exd5 5. cxd5 d6 6. e4 g6 7. Bd3 Bg7 8. h3 0-0 9. Nf3 Nh5 10. Bg5 Bf6 11. Bh6 Bg7 12. Bg5 Bf6 13. Bh6 Re8 14. 0-0 Nd7 15. Qd2 Ne5 16. Be2 Nxf3+ 17. Bxf3 Ng7 18. Kh2 Bd7 19. g3 b5 20. Rae1 b4 21. Nd1 Bd4 22. Bg2 f5 23. exf5 Nxf5 24. Bf4 Qf6 25. Bg5 Qf8 26. Ne3 Bb5 27. Rh1 Nxe3 28. Bxe3 Bg7 29. Bf4 Bd7 30. h4 a5 31. a3 Rab8 32. Ra1 bxa3 33. Rxa3 Rxb2 34. Qxa5 Rxf2 35. Qb6 Rxf4 36. gxf4 Qxf4+ 37. Rg3 Be5 38. Qb3 Qxh4+ 0-1

[Event "Maastricht Limburg op-B 9th"]
[Site "Maastricht"]
[Date "2015.05.23"]
[Round "3"]
[White "Coenen, Bert"]
[Black "Pijlman, Rene"]
[Result "0-1"]
[WhiteElo "1846"]
[BlackElo "1956"]
[PlyCount "158"]
[EventDate "2015.05.22"]
[EventType "swiss"]
[EventRounds "7"]
[EventCountry "NED"]
[SourceTitle "EXT 2016"]
[Source "ChessBase"]
[SourceDate "2015.10.08"]
[SourceVersion "1"]
[SourceVersionDate "2015.10.08"]
[SourceQuality "1"]

1. e4 c5 2. c3 Nf6 3. d3 Nc6 4. Nf3 Qc7 5. Nbd2 d5 6. Be2 e6 7. Qc2 b6 8. 0-0 Bb7 9. Re1 Be7 10. a3 0-0 11. b3 Rfd8 12. Bb2 Rac8 13. Rac1 Qf4 14. Rcd1 Bf8 15. Bc1 Qb8 16. Qb1 a6 17. Bb2 d4 18. cxd4 cxd4 19. Qa1 e5 20. Rc1 Nd7 21. Nh4 a5 22. Bg4 Ba6 23. Bxd7 Rxd7 24. Qb1 Rdc7 25. Kf1 b5 26. Nhf3 f6 27. Ke2 Nd8 28. Qa2 Kh8 29. b4 a4 30. Rxc7 Rxc7 31. Qb1 Bc8 32. Rc1 Be6 33. Rxc7 Qxc7 34. Qc1 Qxc1 35. Bxc1 g6 36. Nf1 Kg7 37. h4 Bd6 38. N3h2 Bf7 39. g3 Ne6 40. f3 f5 41. Nd2 Be7 42. Ndf1 f4 43. g4 Bxh4 44. Bd2 Be7 45. Bc1 Nd8 46. Bd2 Be6 47. Be1 Nc6 48. Kd1 Nb8 49. Ke2 Nd7 50. Kd1 Kh6 51. Ke2 Kg5 52. Kd1 Nf6 53. Ke2 h6 54. Kd1 h5 55. gxh5 Kxh5 56. Ke2 g5 57. Kd1 g4 58. fxg4+ Nxg4 59. Nf3 Bf6 60. Ke2 Nh6 61. N1h2 Nf7 62. Kd1 Ng5 63. Ke2 Nxf3 64. Kxf3 Bh4 65. Bxh4 Kxh4 66. Nf1 Kh3 67. Kf2 Bb3 68. Nd2 Bc2 69. Nf3 Bxd3 70. Nxe5 Bxe4 71. Nd7 Kg4 72. Nc5 Kf5 73. Na6 Ke5 74. Nc7 Bc6 75. Na6 Kd5 76. Nc5 Kc4 77. Ne6 f3 78. Nc5 Kc3 79. Ne6 d3 0-1

[Event "Maastricht Limburg op-B 8th"]
[Site "Maastricht"]
[Date "2014.06.08"]
[Round "5"]
[White "Pijlman, Rene"]
[Black "Luig, Benjamin"]
[Result "0-1"]
[WhiteElo "1977"]
[BlackElo "1844"]
[PlyCount "70"]
[EventDate "2014.06.06"]
[EventType "swiss"]
[EventRounds "7"]
[EventCountry "NED"]
[SourceTitle "EXT 2015"]
[Source "ChessBase"]
[SourceDate "2014.11.20"]
[SourceVersion "1"]
[SourceVersionDate "2014.11.20"]
[SourceQuality "1"]

1. e4 c6 2. d4 d5 3. e5 c5 4. c3 Nc6 5. Nf3 Bg4 6. Be2 e6 7. 0-0 cxd4 8. cxd4 Qb6 9. Nbd2 Nge7 10. Nb3 a5 11. Be3 Nf5 12. Qd3 Bxf3 13. Bxf3 a4 14. Nd2 Ncxd4 15. Bg4 Nxe3 16. Qxe3 Bc5 17. Qg5 0-0 18. Rac1 Rac8 19. Rc3 Qxb2 20. Rfc1 Be7 21. Qe3 Rxc3 22. Qxc3 Qxc3 23. Rxc3 Bb4 24. Rd3 Nc6 25. f4 Bxd2 26. Rxd2 Na5 27. Rb2 Rb8 28. Rb4 b5 29. Be2 Nc4 30. Kf1 Kf8 31. g3 Ke7 32. Ke1 Kd7 33. Kd1 Kc6 34. Kc2 Kc5 35. Rb1 Na3+ 0-1

[Event "Maastricht Limburg op-B 8th"]
[Site "Maastricht"]
[Date "2014.06.07"]
[Round "3"]
[White "Pijlman, Rene"]
[Black "Santiago, Gerardo"]
[Result "1-0"]
[WhiteElo "1977"]
[BlackElo "1851"]
[PlyCount "51"]
[EventDate "2014.06.06"]
[EventType "swiss"]
[EventRounds "7"]
[EventCountry "NED"]
[SourceTitle "EXT 2015"]
[Source "ChessBase"]
[SourceDate "2014.11.20"]
[SourceVersion "1"]
[SourceVersionDate "2014.11.20"]
[SourceQuality "1"]

1. e4 e5 2. Nf3 Nc6 3. Bb5 a6 4. Ba4 Nf6 5. d3 b5 6. Bb3 h6 7. 0-0 Bc5 8. c3 d6 9. Nbd2 0-0 10. Re1 Ng4 11. Re2 Be6 12. h3 Nf6 13. Nf1 Bb6 14. Bc2 Nh5 15. d4 Bc4 16. Re1 exd4 17. cxd4 Ba5 18. Bd2 b4 19. Ne3 Bb5 20. Nf5 Ne7 21. N3h4 Nf6 22. e5 Nxf5 23. Nxf5 Nh7 24. Qg4 g6 25. Bb3 d5 26. Bxd5 1-0

[Event "Maastricht Limburg op-B 7th"]
[Site "Maastricht"]
[Date "2013.05.20"]
[Round "6"]
[White "Pijlman, Rene"]
[Black "Henrotte, Nils"]
[Result "1/2-1/2"]
[WhiteElo "2011"]
[BlackElo "1961"]
[PlyCount "30"]
[EventDate "2013.05.17"]
[EventType "swiss"]
[EventRounds "7"]
[EventCountry "NED"]
[SourceTitle "EXT 2014"]
[Source "ChessBase"]
[SourceDate "2013.11.20"]
[SourceVersion "1"]
[SourceVersionDate "2013.11.20"]
[SourceQuality "1"]

1. e4 e6 2. d4 d5 3. Nd2 c5 4. Ngf3 Nc6 5. exd5 exd5 6. Bb5 Bd6 7. 0-0 cxd4 8. Nb3 Nge7 9. Nbxd4 0-0 10. c3 Bg4 11. Qc2 Nxd4 12. Nxd4 Ng6 13. Nf5 Bc5 14. h3 Bxf5 15. Qxf5 Qb6 1/2-1/2

[Event "Maastricht Limburg op-B 7th"]
[Site "Maastricht"]
[Date "2013.05.19"]
[Round "4"]
[White "Pijlman, Rene"]
[Black "De Kleuver, Jonathan"]
[Result "1-0"]
[WhiteElo "2011"]
[BlackElo "1923"]
[PlyCount "45"]
[EventDate "2013.05.17"]
[EventType "swiss"]
[EventRounds "7"]
[EventCountry "NED"]
[SourceTitle "EXT 2014"]
[Source "ChessBase"]
[SourceDate "2013.11.20"]
[SourceVersion "1"]
[SourceVersionDate "2013.11.20"]
[SourceQuality "1"]

1. e4 d5 2. exd5 Nf6 3. Bb5+ Bd7 4. Be2 Nxd5 5. d4 g6 6. c4 Nb6 7. Nc3 Bg7 8. Be3 Be6 9. d5 Bf5 10. Nf3 Bg4 11. Bd4 Bxf3 12. Bxg7 Bxg2 13. Bxh8 Bxh1 14. Qd3 Qd7 15. Qg3 Na4 16. 0-0-0 Nxc3 17. Bxc3 Be4 18. Qe5 Qf5 19. Qh8+ Kd7 20. c5 Bxd5 21. Qd4 Kc6 22. Qa4+ b5 23. Qxb5# 1-0

[Event "Maastricht Limburg op-B 6th"]
[Site "Maastricht"]
[Date "2012.05.28"]
[Round "6"]
[White "Bex, Lennert"]
[Black "Pijlman, Rene"]
[Result "0-1"]
[WhiteElo "1739"]
[BlackElo "1990"]
[PlyCount "68"]
[EventDate "2012.05.25"]
[EventType "swiss"]
[EventRounds "7"]
[EventCountry "NED"]
[SourceTitle "EXT 2013"]
[Source "ChessBase"]
[SourceDate "2012.11.22"]
[SourceVersion "1"]
[SourceVersionDate "2012.11.22"]
[SourceQuality "1"]

1. c4 c5 2. g3 Nf6 3. Bg2 d5 4. cxd5 Nxd5 5. Nc3 Nc7 6. d3 e5 7. Nf3 Nc6 8. 0-0 Be7 9. b3 Bd7 10. Bb2 f6 11. Ne4 0-0 12. Qc2 b6 13. a3 Rc8 14. e3 Ne6 15. Ned2 Qc7 16. Rfc1 Qd8 17. Bc3 Qe8 18. Qb2 Qg6 19. d4 cxd4 20. exd4 exd4 21. Nxd4 Ncxd4 22. Bxd4 Bc5 23. Bxc5 Nxc5 24. Qc2 Nd3 25. Qd1 Nxc1 26. Rxc1 Rxc1 27. Qxc1 Rc8 28. Qe1 Qe8 29. Qd1 Bc6 30. Bh3 Rd8 31. Qc1 Ba8 32. Qc4+ Kh8 33. Qc1 Qe2 34. Bd7 Qd3 0-1

[Event "Maastricht Limburg op-B 5th"]
[Site "Maastricht"]
[Date "2011.06.12"]
[Round "4"]
[White "De Niet, Shotaro"]
[Black "Pijlman, Rene"]
[Result "1-0"]
[WhiteElo "1792"]
[BlackElo "1929"]
[PlyCount "65"]
[EventDate "2011.06.10"]
[EventType "swiss"]
[EventRounds "7"]
[EventCountry "NED"]
[SourceTitle "EXT 2012"]
[Source "ChessBase"]
[SourceDate "2011.11.24"]
[SourceVersion "1"]
[SourceVersionDate "2011.11.24"]
[SourceQuality "1"]

1. Nc3 c5 2. e4 Nc6 3. Bb5 Nd4 4. Be2 g6 5. d3 Bg7 6. f4 d6 7. Nf3 Nc6 8. 0-0 Bg4 9. Be3 e6 10. Qd2 Nge7 11. Rae1 Qa5 12. h3 Bxf3 13. Bxf3 Rd8 14. f5 gxf5 15. exf5 Nxf5 16. Bxc6+ bxc6 17. Rxf5 exf5 18. Bd4+ Be5 19. Bxe5 dxe5 20. Rxe5+ Kd7 21. Qf4 Rde8 22. Qxf5+ Kd8 23. Qf6+ Kd7 24. Qxf7+ Kd8 25. Qf6+ Kd7 26. Qf5+ Kd8 27. Ne4 Qc7 28. Qf6+ Kd7 29. Nxc5+ Kc8 30. Qf5+ Kd8 31. Ne6+ Rxe6 32. Rxe6 Qd7 33. Qf6+ 1-0

[Event "Maastricht Limburg op-B 5th"]
[Site "Maastricht"]
[Date "2011.06.10"]
[Round "1"]
[White "Pijlman, Rene"]
[Black "Frijns, Raoul"]
[Result "0-1"]
[WhiteElo "1929"]
[BlackElo "1809"]
[PlyCount "60"]
[EventDate "2011.06.10"]
[EventType "swiss"]
[EventRounds "7"]
[EventCountry "NED"]
[SourceTitle "EXT 2012"]
[Source "ChessBase"]
[SourceDate "2011.11.24"]
[SourceVersion "1"]
[SourceVersionDate "2011.11.24"]
[SourceQuality "1"]

1. e4 c5 2. Nc3 Nc6 3. f4 d6 4. Nf3 Nf6 5. Bb5 Bd7 6. d3 a6 7. Bc4 b5 8. Bb3 g6 9. 0-0 Bg7 10. Qe1 e6 11. Kh1 0-0 12. Qh4 Nh5 13. Qh3 Nd4 14. g4 Nf6 15. f5 exf5 16. gxf5 gxf5 17. Bh6 Nxf3 18. Bxg7 Kxg7 19. Qxf3 Kh8 20. Rae1 Qc7 21. Ne2 c4 22. dxc4 Nxe4 23. cxb5 Nd2 24. Qd3 Nxf1 25. Qd4+ f6 26. Rxf1 Bxb5 27. Rf2 Rae8 28. Nf4 Re1+ 29. Kg2 Qg7+ 30. Kf3 Qg4# 0-1

[Event "Maastricht Limburg op-B 4th"]
[Site "Maastricht"]
[Date "2010.05.24"]
[Round "7"]
[White "Pijlman, Rene"]
[Black "Van Liempt, Michael"]
[Result "1/2-1/2"]
[WhiteElo "1914"]
[BlackElo "1747"]
[PlyCount "84"]
[EventDate "2010.05.21"]
[EventType "swiss"]
[EventRounds "7"]
[EventCountry "NED"]
[SourceTitle "EXT 2011"]
[Source "ChessBase"]
[SourceDate "2010.11.26"]
[SourceVersion "1"]
[SourceVersionDate "2010.11.26"]
[SourceQuality "1"]

1. e4 c5 2. Nc3 g6 3. f4 Bg7 4. Nf3 Nc6 5. Bb5 Nd4 6. 0-0 e6 7. d3 Ne7 8. Ba4 0-0 9. Bd2 d5 10. Be1 b5 11. Nxb5 Nxb5 12. Bxb5 Rb8 13. Ba4 Rxb2 14. Bh4 Qc7 15. Ne5 g5 16. Be1 gxf4 17. d4 Bxe5 18. dxe5 Qxe5 19. Rf3 d4 20. Bd2 Ng6 21. Bb3 d3 22. Rxd3 c4 23. Bc3 Qxe4 24. Qf3 Qxf3 25. Rxf3 Bb7 26. Rf2 cxb3 27. Bxb2 bxc2 28. Rxc2 Bd5 29. Bf6 e5 30. Rc5 Be6 31. h4 Rb8 32. h5 Nf8 33. Bxe5 Rb4 34. Bc3 Rc4 35. Rg5+ Ng6 36. hxg6 Rxc3 37. gxh7+ Kxh7 38. Re5 Kg6 39. a4 Kf6 40. Re2 Rg3 41. Kh2 Rg5 42. a5 a6 1/2-1/2

[Event "Maastricht Limburg op-B 4th"]
[Site "Maastricht"]
[Date "2010.05.22"]
[Round "3"]
[White "Pijlman, Rene"]
[Black "Goes, Dirk"]
[Result "1/2-1/2"]
[WhiteElo "1914"]
[BlackElo "1971"]
[PlyCount "24"]
[EventDate "2010.05.21"]
[EventType "swiss"]
[EventRounds "7"]
[EventCountry "NED"]
[SourceTitle "EXT 2011"]
[Source "ChessBase"]
[SourceDate "2010.11.26"]
[SourceVersion "1"]
[SourceVersionDate "2010.11.26"]
[SourceQuality "1"]

1. b3 e5 2. Bb2 Nc6 3. e3 d5 4. c4 d4 5. f4 exf4 6. exf4 g6 7. Nf3 Bg7 8. Bd3 Nge7 9. 0-0 Bf5 10. Bxf5 Nxf5 11. Re1+ Nfe7 12. d3 0-0 1/2-1/2